| 000 | 00893cab a2200253 4500 | ||
|---|---|---|---|
| 001 | ABS55603 | ||
| 008 | 090401t1996 xxu||||| |||| 00| 0 eng d | ||
| 035 | _a(Sirsi) u17521 | ||
| 041 | _aeng | ||
| 100 | _aMinogue, A. | ||
| 245 | _aWhere angels fear to tread | ||
| 260 | _c1996 | ||
| 350 | _a0 | ||
| 490 |
_aBuilding _v261(7951) 26 July 1996, 32(1) |
||
| 520 | _aAdvocates quantity surveyors and lawyers working together to alleviate risk, criticising the practices of transferring client`s risks to the contracting industry, and firms increasing their `standard list of amendments to JCT 1980` | ||
| 650 | _aCLIENTS | ||
| 650 | _aJCT STANDARD FORM OF BUILDING CONTRACT (1980 EDITION) | ||
| 650 | _aLAWYERS | ||
| 650 | _aQUANTITY SURVEYORS | ||
| 650 | _aRISK MANAGEMENT | ||
| 690 | _aMANAGEMENT-BUSINESS MANAGEMENT-PROFESSIONAL PRACTICE | ||
| 942 | _n0 | ||
| 948 | _c04/03/1997 | ||
| 999 |
_c11620 _d11620 |
||